00352 a2200145 450000100060000002000160000604000240002210000290004624000380007524500330011330000070014636200090015344000130016265000310017570151 a97835619126 cAnchieta - Itaigara aGóes, Lúcia Pimentel10aPedacinhos alegres do Brasillpor10aPedacinhos alegres do Brasil a480 a2007 1aPaulinas 4aLiteratura infanto-juvenil